Estadísticas para Quiz Argentina - ¿En qué provincia nació?

Haz click aquí para intentar la prueba.

Estadísticas generales

  • Esta prueba ha sido intentada 27 veces
  • La puntuación promedio es 10 de 12

Estadísticas de respuestas

NombreProvincia donde nació% Correcto
Javier MileiBuenos Aires
100%
Néstor KirchnerSanta Cruz
92%
Lionel MessiSanta Fe
92%
Ernesto "Che" GuevaraSanta Fe
88%
José de San MartínCorrientes
85%
Manuel BelgranoBuenos Aires
81%
Carlos Saúl MenemLa Rioja
81%
Martín Miguel de GüemesSalta
81%
Domingo F. SarmientoSan Juan
81%
Julio Argentino RocaTucumán
77%
Sargento Juan B. CabralCorrientes
73%
Fernando de la RúaCórdoba
65%

Distribución de puntuación

Porcentaje por número respondido

Porcentaje de gente con cada puntuación

Historial de tus puntuaciones

No has intentado esta prueba.